THE HARAFISH (Record no. 216453)
[ view plain ]
| 000 -LEADER | |
|---|---|
| fixed length control field | 00360nam a22001457a 4500 |
| 008 - FIXED-LENGTH DATA ELEMENTS--GENERAL INFORMATION | |
| fixed length control field | 260113b |||||||| |||| 00| 0 eng d |
| 020 ## - INTERNATIONAL STANDARD BOOK NUMBER | |
| International Standard Book Number | 978-0-385-42335-9 |
| 050 ## - LIBRARY OF CONGRESS CALL NUMBER | |
| Classification number | PJ 7846.A46 M34 1995 |
| 100 ## - MAIN ENTRY--PERSONAL NAME | |
| Personal name | MAHFOUZ NAGUIB |
| 245 ## - TITLE STATEMENT | |
| Title | THE HARAFISH |
| 260 ## - PUBLICATION, DISTRIBUTION, ETC. | |
| Place of publication, distribution, etc. | NEWYORK |
| Name of publisher, distributor, etc. | ANCHOR BOOKS |
| Date of publication, distribution, etc. | 1995 |
| 300 ## - PHYSICAL DESCRIPTION | |
| Extent | X,406 |
| 942 ## - ADDED ENTRY ELEMENTS (KOHA) | |
| Source of classification or shelving scheme | Library of Congress Classification |
| Koha item type | Long Loan Book |
| Withdrawn status | Lost status | Source of classification or shelving scheme | Damaged status | Not for loan | Collection | Home library | Current library | Shelving location | Date acquired | Inventory number | Total checkouts | Full call number | Barcode | Date last seen | Copy number | Price effective from | Koha item type | Date due | Date last checked out |
|---|---|---|---|---|---|---|---|---|---|---|---|---|---|---|---|---|---|---|---|
| Library of Congress Classification | Arts & Social Sciences | Kisii University Library | Kisii University Library | On Display | 01/13/2026 | 110908 | PJ 7846.A46 M34 1995 | 000000016766 | 01/13/2026 | C.2 | 01/13/2026 | Long Loan Book | |||||||
| Library of Congress Classification | Arts & Social Sciences | Kisii University Library | Kisii University Library | On Display | 01/13/2026 | 110907 | PJ 7846.A46 M34 1995 | 000000016765 | 01/13/2026 | C.1 | 01/13/2026 | Long Loan Book | |||||||
| Library of Congress Classification | Arts & Social Sciences | Kisii University Library | Kisii University Library | On Display | 01/13/2026 | 110909 | PJ 7846.A46 M34 1995 | 000000016764 | 01/13/2026 | C.3 | 01/13/2026 | Long Loan Book | |||||||
| Library of Congress Classification | Arts & Social Sciences | Kisii University Library | Kisii University Library | On Display | 01/13/2026 | 110910 | 1 | PJ 7846.A46 M34 1995 | 000000020253 | 04/28/2026 | C.4 | 01/13/2026 | Long Loan Book | 05/12/2026 | 04/28/2026 |